[Event "Morava Region-chTA"]
[Site "Czech Republic"]
[Date "2025.02.09"]
[Round "8.5"]
[White "Witassek, Tomas"]
[Black "Chovanec, Karel"]
[Result "0-1"]
[WhiteElo "1753"]
[BlackElo "1752"]
[PlyCount "62"]
[EventDate "2024.10.13"]
[EventType "team-tourn"]
[EventRounds "11"]
[EventCountry "CZE"]
[SourceTitle "CB16_2025"]
[SourceDate "2025.04.16"]
[SourceVersion "1"]
[SourceVersionDate "2025.04.16"]
[SourceQuality "1"]
[WhiteTeam "Opava Slezan III"]
[BlackTeam "Hrabyne"]
[WhiteTeamCountry "CZE"]
[BlackTeamCountry "CZE"]

1. e4 d6 2. Nc3 Nf6 3. Bc4 c6 4. Bb3 g6 5. d4 Bg7 6. Nge2 0-0 7. f4 Qc7 8. 0-0 b5 9. Ng3 a5 10. a4 b4 11. Nce2 c5 12. c3 Bb7 13. Bc2 Nbd7 14. Qe1 Rac8 15. Qf2 cxd4 16. Nxd4 bxc3 17. Bd3 Ng4 18. Qe2 Bxd4+ 19. Kh1 cxb2 20. Bxb2 Bxb2 21. Qxb2 Nc5 22. Qe2 Nxd3 23. Qxg4 Qc5 24. Qf3 Ba6 25. f5 Ne5 26. Qf4 Bxf1 27. Rxf1 Nd3 28. Qf3 Ne5 29. Qf4 Qd4 30. Qh6 Ng4 31. Qf4 Ne3 0-1

[Event "Morava Region-chTA"]
[Site "Czech Republic"]
[Date "2025.01.12"]
[Round "6.5"]
[White "Witassek, Tomas"]
[Black "Vrobel, Jaromir"]
[Result "1-0"]
[WhiteElo "1753"]
[BlackElo "1832"]
[PlyCount "55"]
[EventDate "2024.10.13"]
[EventType "team-tourn"]
[EventRounds "11"]
[EventCountry "CZE"]
[SourceTitle "CB16_2025"]
[SourceDate "2025.04.16"]
[SourceVersion "1"]
[SourceVersionDate "2025.04.16"]
[SourceQuality "1"]
[WhiteTeam "Opava Slezan III"]
[BlackTeam "Fulnek"]
[WhiteTeamCountry "CZE"]
[BlackTeamCountry "CZE"]

1. e4 c6 2. d4 d5 3. Nd2 dxe4 4. Nxe4 Nf6 5. Nxf6+ gxf6 6. Bf4 Bf5 7. Nf3 e6 8. Bd3 Bg6 9. Qd2 Bd6 10. 0-0-0 Qc7 11. Bxd6 Qxd6 12. Qc3 Nd7 13. Bxg6 hxg6 14. h3 0-0-0 15. Nd2 Rh5 16. Nc4 Qd5 17. f3 Nb6 18. Nxb6+ axb6 19. b3 Kc7 20. Rd2 Qd6 21. Rhd1 Ra5 22. Qb2 Rda8 23. Kb1 b5 24. c3 Qd5 25. Qc2 Kb8 26. Qe4 Qxb3+ 27. axb3 Ra1+ 28. Kc2 1-0

[Event "Moravia-Silesia Region-chT 2223"]
[Site "Czech Republic"]
[Date "2023.04.02"]
[Round "11"]
[White "Vizner, Jaroslav"]
[Black "Witassek, Tomas"]
[Result "0-1"]
[WhiteElo "1892"]
[BlackElo "1571"]
[PlyCount "70"]
[EventDate "2022.10.09"]
[EventType "team-tourn"]
[EventRounds "11"]
[EventCountry "CZE"]
[SourceTitle "EXT 2024"]
[Source "ChessBase"]
[SourceDate "2023.10.10"]
[SourceVersion "1"]
[SourceVersionDate "2023.10.10"]
[SourceQuality "1"]
[WhiteTeam "Havirov Banik"]
[BlackTeam "Opava Slezan"]
[WhiteTeamCountry "CZE"]
[BlackTeamCountry "CZE"]

1. e4 e5 2. Nf3 Nc6 3. Bc4 Bc5 4. d4 Bxd4 5. Nxd4 Nxd4 6. 0-0 d6 7. f4 Be6 8. Bd3 Qh4 9. f5 Bd7 10. c3 Nc6 11. Nd2 Nf6 12. Nf3 Qg4 13. h3 Qh5 14. Qe1 h6 15. Nh2 g5 16. Be2 Qh4 17. Qxh4 gxh4 18. Bf3 Ne7 19. c4 Bc6 20. Ng4 Neg8 21. Nf2 Nh7 22. b4 b6 23. Bb2 Ngf6 24. Rad1 Ng5 25. c5 0-0-0 26. cxd6 cxd6 27. Rxd6 Rxd6 28. Bxe5 Nxf3+ 29. gxf3 Rg8+ 30. Kh2 Ne8 31. Bxd6 Nxd6 32. Rc1 Kb7 33. Ng4 h5 34. Ne5 Rc8 35. Kg1 Ba4 0-1